[Event "1. Bundesliga 2018/2019"]
[Site "Jenbach"]
[Date "2019.03.31"]
[Round "9"]
[Board "3"]
[White "Schneider-Zinner, Harald"]
[Black "Felsberger, Alfred"]
[Result "0-1"]
[WhiteElo "2400"]
[BlackElo "2345"]
[PlyCount "69"]
[EventDate "2018.11.15"]
[EventType "team"]
[EventRounds "11"]
[EventCountry "AUT"]
[WhiteTeam "mpimmo Wien - SK Ottakring"]
[BlackTeam "UNION Ansfelden"]

1.d4 Nf6 2.Nf3 e6 3.g3 b6 4.Bg2 Bb7 5.c4 Bb4+ 6.Bd2 a5 7.O-O O-O 8.Nc3 d6 9.d5 Bxc3
10.Bxc3 exd5 11.Nh4 Ne4 12.Qd4 Nxc3 13.Qxc3 d4 14.Qxd4 Bxg2 15.Nxg2 Re8 16.Nf4 Nd7
17.b3 Nc5 18.Qb2 Rb8 19.Rad1 Qd7 20.Rd5 f6 21.Rfd1 Qf7 22.Qc2 Re5 23.a3 g5 24.Ng2
Qg6 25.Qa2 Ne4 26.R1d3 Rxd5 27.cxd5 Re8 28.Ne3 f5 29.Qc2 f4 30.Qxc7 fxe3 31.Rxe3 Qf7
32.Qxf7+ Kxf7 33.b4 axb4 34.axb4 Nf6 35.Rxe8  0-1

[Event "1. Bundesliga 2018/2019"]
[Site "Jenbach"]
[Date "2019.03.31"]
[Round "9"]
[Board "4"]
[White "Mostbauer, Florian"]
[Black "Steindl, Johannes"]
[Result "1/2-1/2"]
[WhiteElo "2345"]
[BlackElo "2264"]
[PlyCount "99"]
[EventDate "2018.11.15"]
[EventType "team"]
[EventRounds "11"]
[EventCountry "AUT"]
[WhiteTeam "UNION Ansfelden"]
[BlackTeam "mpimmo Wien - SK Ottakring"]

1.Nf3 Nf6 2.c4 e6 3.e3 d5 4.b3 c5 5.Bb2 Nc6 6.cxd5 exd5 7.Bb5 Bd6 8.O-O O-O 9.d4 cxd4
10.Nxd4 Bc7 11.Be2 Re8 12.Nc3 Qd6 13.g3 a6 14.Nxc6 bxc6 15.Bf3 Bf5 16.Rc1 Nd7 17.Ne2
Ne5 18.Bxe5 Rxe5 19.Nd4 Bd7 20.Bg4 Bxg4 21.Qxg4 c5 22.Ne2 Re4 23.Qf3 Rae8 24.Nc3 R4e5
25.Na4 d4 26.exd4 cxd4 27.Rc6 Qd7 28.Nc5 Qe7 29.Nd3 Re6 30.Rfc1 Ba5 31.Rxe6 fxe6 32.Qe4
Bc3 33.Rc2 Qd6 34.Re2 a5 35.f4 g6 36.Kg2 Qc7 37.h4 a4 38.bxa4 Qa5 39.Qc6 Qa8 40.Qxa8
Rxa8 41.Rxe6 Rxa4 42.Re2 h5 43.Kf3 Kf7 44.Ke4 Ra3 45.Ne5+ Kf6 46.Nc4 Ra6 47.Kd3 Kf5
48.Re5+ Kg4 49.Rg5+ Kh3 50.a3  1/2-1/2

[Event "1. Bundesliga 2018/2019"]
[Site "Jenbach"]
[Date "2019.03.31"]
[Round "9"]
[Board "5"]
[White "Steiner, Adam"]
[Black "Ennsberger, Ulrich"]
[Result "0-1"]
[WhiteElo "2224"]
[BlackElo "2253"]
[PlyCount "80"]
[EventDate "2018.11.15"]
[EventType "team"]
[EventRounds "11"]
[EventCountry "AUT"]
[WhiteTeam "mpimmo Wien - SK Ottakring"]
[BlackTeam "UNION Ansfelden"]

1.d4 Nf6 2.Nc3 d5 3.Bf4 c6 4.e3 Bf5 5.f3 e6 6.g4 Bg6 7.h4 h6 8.Bd3 Bxd3 9.Qxd3 Qa5
10.Nge2 Na6 11.a3 Be7 12.Kf2 Qd8 13.Ng3 h5 14.g5 Nd7 15.e4 g6 16.Rhe1 O-O 17.exd5
exd5 18.Re3 Nb6 19.Rae1 Bd6 20.Bxd6 Qxd6 21.Re6 Qd7 22.Re7 Qh3 23.Rh1 Qc8 24.Nxh5
gxh5 25.g6 f6 26.Qe3 Re8 27.Rxe8+ Qxe8 28.Qh6 Qd7 29.g7 Qf5 30.Rg1 Kf7 31.Ne2 Rg8
32.Rg2 Nc7 33.Nf4 Ne6 34.Nxh5 Qxc2+ 35.Kg1 Qf5 36.Kh2 Nc4 37.f4 Ne3 38.Qh8 Nxg2 39.Ng3
Qg4 40.Kxg2 Rxg7  0-1

[Event "1. Bundesliga 2018/2019"]
[Site "Jenbach"]
[Date "2019.03.31"]
[Round "9"]
[Board "6"]
[White "Windhager, Hannes"]
[Black "Peyrer, Konstantin"]
[Result "1-0"]
[WhiteElo "2216"]
[BlackElo "2199"]
[PlyCount "47"]
[EventDate "2018.11.15"]
[EventType "team"]
[EventRounds "11"]
[EventCountry "AUT"]
[WhiteTeam "UNION Ansfelden"]
[BlackTeam "mpimmo Wien - SK Ottakring"]

1.e4 c5 2.Nf3 d6 3.d4 cxd4 4.Nxd4 Nf6 5.Nc3 a6 6.Bc4 e6 7.O-O Be7 8.Bb3 O-O 9.f4 Nc6
10.Be3 Na5 11.e5 dxe5 12.fxe5 Nd7 13.Qh5 Nxb3 14.axb3 Qc7 15.Bf4 g6 16.Qe2 b6 17.Rad1
Bb7 18.Bg3 Rad8 19.Ne4 Bxe4 20.Qxe4 Nc5 21.Qf3 Rd7 22.c3 Bg5 23.b4 Na4 24.Nxe6  1-0

[Event "1. Bundesliga 2018/2019"]
[Site "Jenbach"]
[Date "2019.03.31"]
[Round "9"]
[Board "1"]
[White "Georgiadis, Nico"]
[Black "Durakovic, Alman"]
[Result "1-0"]
[WhiteElo "2526"]
[BlackElo "2283"]
[PlyCount "65"]
[EventDate "2018.11.15"]
[EventType "team"]
[EventRounds "11"]
[EventCountry "AUT"]
[WhiteTeam "Schachclub Sparkasse Goetzis"]
[BlackTeam "SIR Salzburg"]

1.d4 Nf6 2.c4 e6 3.Nf3 Bb4+ 4.Bd2 Qe7 5.g3 Bxd2+ 6.Qxd2 Nc6 7.e3 O-O 8.Qc3 Ne4 9.Qc2
f5 10.Bg2 d6 11.O-O e5 12.Nc3 Nxc3 13.Qxc3 Bd7 14.b4 e4 15.Nd2 Qg5 16.f3 exf3 17.Nxf3
Qh6 18.b5 Ne7 19.a4 g5 20.Nd2 c6 21.Rae1 d5 22.cxd5 cxd5 23.Qc7 Qe6 24.Nf3 Rfc8 25.Qxb7
Rab8 26.Qxa7 Ra8 27.Qb7 Rxa4 28.Ne5 Be8 29.Ra1 Rxa1 30.Rxa1 Qd6 31.Qa6 Qb4 32.Qf6
Qb2 33.Rf1  1-0

[Event "1. Bundesliga 2018/2019"]
[Site "Jenbach"]
[Date "2019.03.31"]
[Round "9"]
[Board "2"]
[White "Oberhofer, Cedric"]
[Black "Krassowizkij, Jaroslaw"]
[Result "1-0"]
[WhiteElo "2212"]
[BlackElo "2460"]
[PlyCount "129"]
[EventDate "2018.11.15"]
[EventType "team"]
[EventRounds "11"]
[EventCountry "AUT"]
[WhiteTeam "SIR Salzburg"]
[BlackTeam "Schachclub Sparkasse Goetzis"]

1.d4 Nf6 2.c4 c5 3.d5 e5 4.Nc3 d6 5.e4 Be7 6.Bd3 O-O 7.h3 Ne8 8.Nf3 g6 9.Bh6 Ng7 10.g4
Nd7 11.Qd2 Nf6 12.a3 Kh8 13.b4 b6 14.Rg1 Ng8 15.Ne2 f6 16.Be3 Bd7 17.Ng3 Rf7 18.bxc5
bxc5 19.Rb1 Rb8 20.Ke2 Rb6 21.Rxb6 axb6 22.Rb1 f5 23.gxf5 gxf5 24.exf5 Nxf5 25.Nxf5
Bxf5 26.Bxf5 Rxf5 27.Qd3 Rh5 28.Nd2 Qd7 29.Rxb6 Rxh3 30.Qe4 Rh4 31.Qf3 e4 32.Nxe4
Qa4 33.Nd2 Rxc4 34.Qf5 Rc1 35.Nb3 Qc4+ 36.Kf3 Re1 37.Rb8 Qe2+ 38.Kf4 Rg1 39.Nd4 cxd4
40.Bxd4+ Rg7 41.Bxg7+ Kxg7 42.Qg4+ Qxg4+ 43.Kxg4 Nf6+ 44.Kf5 Kf7 45.a4 Nxd5 46.a5
Bh4 47.Rb2 Bd8 48.a6 Bb6 49.f4 Ne7+ 50.Ke4 Nc8 51.Kd5 Bc5 52.Rb7+ Ne7+ 53.Ke4 Ke6
54.a7 d5+ 55.Kf3 Bxa7 56.Rxa7 Kf6 57.Kg4 h6 58.Ra6+ Kg7 59.Rd6 Ng8 60.Kf5 Kf7 61.Ke5
Ne7 62.Rxh6 Ng6+ 63.Kf5 Ne7+ 64.Kg5 Nc8 65.f5  1-0

[Event "1. Bundesliga 2018/2019"]
[Site "Jenbach"]
[Date "2019.03.31"]
[Round "9"]
[Board "3"]
[White "Kvetny, Mark"]
[Black "Goldbeck, Lars"]
[Result "1/2-1/2"]
[WhiteElo "2409"]
[BlackElo "2213"]
[PlyCount "63"]
[EventDate "2018.11.15"]
[EventType "team"]
[EventRounds "11"]
[EventCountry "AUT"]
[WhiteTeam "Schachclub Sparkasse Goetzis"]
[BlackTeam "SIR Salzburg"]

1.c4 c5 2.g3 Nc6 3.Bg2 g6 4.Nc3 Bg7 5.d3 d6 6.e3 Nf6 7.Nge2 O-O 8.h3 Bd7 9.O-O a6
10.b3 Qc8 11.Kh2 Rb8 12.Qd2 b5 13.Bb2 Qd8 14.f4 e6 15.g4 h5 16.g5 Ne8 17.Ne4 Qe7 18.Bxg7
Kxg7 19.Qb2+ Kg8 20.Nf6+ Nxf6 21.gxf6 Qd8 22.Ng3 Nb4 23.Rad1 h4 24.Ne4 Bc6 25.a3 Nxd3
26.Rxd3 Bxe4 27.Bxe4 bxc4 28.Rdd1 Rxb3 29.Qf2 d5 30.Qxh4 Rxe3 31.Bb1 d4 32.f5  1/2-1/2

[Event "1. Bundesliga 2018/2019"]
[Site "Jenbach"]
[Date "2019.03.31"]
[Round "9"]
[Board "4"]
[White "Leeb, Simon"]
[Black "Walter, Stefan"]
[Result "1-0"]
[WhiteElo "2178"]
[BlackElo "2403"]
[PlyCount "121"]
[EventDate "2018.11.15"]
[EventType "team"]
[EventRounds "11"]
[EventCountry "AUT"]
[WhiteTeam "SIR Salzburg"]
[BlackTeam "Schachclub Sparkasse Goetzis"]

1.d4 d5 2.c4 e6 3.Nc3 Be7 4.Qc2 c5 5.cxd5 exd5 6.Nf3 Nc6 7.dxc5 Bxc5 8.a3 Nge7 9.e3
Bg4 10.Be2 a6 11.O-O Ba7 12.Rd1 O-O 13.b4 Rc8 14.Qd2 Be6 15.Bb2 b5 16.Bd3 Bg4 17.Be2
Be6 18.h3 Qc7 19.Bd3 Rfd8 20.Ne2 Nf5 21.Rac1 Nd6 22.Ng5 h6 23.Nxe6 fxe6 24.Nf4 Qe7
25.Qe2 Nc4 26.Bxc4 bxc4 27.Qg4 d4 28.Nxe6 Ne5 29.Qf5 Nd3 30.Nxd8 Rxd8 31.Bxd4 Bxd4
32.exd4 Nxc1 33.Rxc1 Rxd4 34.Qc8+ Qf8 35.Rxc4 Rd8 36.Qe6+ Kh8 37.Qe3 Qf5 38.Re4 Rd1+
39.Kh2 Ra1 40.Qd3 Kh7 41.Re3 Qxd3 42.Rxd3 Kg8 43.Rf3 Ra2 44.Kg3 Re2 45.Rf5 Rc2 46.Ra5
Rc6 47.a4 Rc4 48.Rxa6 Rxb4 49.Ra7 Kh7 50.f4 Rb3+ 51.Kg4 Kg6 52.Ra6+ Kf7 53.a5 Ra3
54.Kf5 Rg3 55.Ra7+ Kg8 56.a6 Rxg2 57.Rb7 Ra2 58.a7 Kh7 59.h4 Ra6 60.h5 Rc6 61.Rxg7+  1-0

[Event "1. Bundesliga 2018/2019"]
[Site "Jenbach"]
[Date "2019.03.31"]
[Round "9"]
[Board "5"]
[White "Gretz, Denis"]
[Black "Pflug, Mathias"]
[Result "1-0"]
[WhiteElo "2312"]
[BlackElo "2267"]
[PlyCount "53"]
[EventDate "2018.11.15"]
[EventType "team"]
[EventRounds "11"]
[EventCountry "AUT"]
[WhiteTeam "Schachclub Sparkasse Goetzis"]
[BlackTeam "SIR Salzburg"]

1.e4 c5 2.Nf3 d6 3.d4 cxd4 4.Nxd4 Nf6 5.Nc3 a6 6.Be2 e5 7.Nb3 Be6 8.Be3 Be7 9.Qd3
O-O 10.Nd5 Nxd5 11.exd5 Bc8 12.Qd2 Nd7 13.O-O h6 14.c4 Bg5 15.Bxg5 hxg5 16.Na5 f5
17.b4 g4 18.Rac1 b6 19.Nc6 Qh4 20.g3 Qf6 21.Rfe1 Kf7 22.Bf1 Rh8 23.c5 g5 24.cxd6 Bb7
25.Ne7 Qxd6 26.Nxf5 Qxd5 27.Bc4  1-0

[Event "1. Bundesliga 2018/2019"]
[Site "Jenbach"]
[Date "2019.03.31"]
[Round "9"]
[Board "6"]
[White "Prodinger, Johannes"]
[Black "Anistratov, Dmitrij"]
[Result "1/2-1/2"]
[WhiteElo "1954"]
[BlackElo "2298"]
[PlyCount "116"]
[EventDate "2018.11.15"]
[EventType "team"]
[EventRounds "11"]
[EventCountry "AUT"]
[WhiteTeam "SIR Salzburg"]
[BlackTeam "Schachclub Sparkasse Goetzis"]

1.d4 d6 2.Nf3 Nf6 3.c4 Nbd7 4.Nc3 c6 5.g3 e5 6.e4 Be7 7.Bg2 O-O 8.O-O a6 9.a4 a5 10.h3
Re8 11.Be3 exd4 12.Nxd4 Bf8 13.Nb3 Ne5 14.Qe2 Be6 15.Nd2 d5 16.cxd5 cxd5 17.Nb5 Nxe4
18.Nxe4 dxe4 19.Rfd1 Nf3+ 20.Bxf3 exf3 21.Qxf3 Qe7 22.Bf4 Rec8 23.Bd6 Qf6 24.Qxf6
gxf6 25.Nc7 Bxd6 26.Nxa8 Bb4 27.Nb6 Rc2 28.Nd5 Bxd5 29.Rxd5 b6 30.Rb1 Kg7 31.Rd3 Kg6
32.Rf3 h5 33.b3 Bc5 34.Rd1 Re2 35.Rd8 Re6 36.Kf1 Re5 37.Kg2 f5 38.Rc8 Re6 39.Rc3 Re5
40.Rc6+ Kg7 41.Rc4 Rd5 42.R4xc5 bxc5 43.Ra6 c4 44.bxc4 Rc5 45.h4 f4 46.Kf3 fxg3 47.fxg3
f6 48.Ke3 Rxc4 49.Rxa5 Kg6 50.Ra8 Kf5 51.a5 Rc3+ 52.Kf2 Kg4 53.a6 Rf3+ 54.Ke2 Ra3
55.a7 Ra2+ 56.Ke3 Ra3+ 57.Kf2 Ra2+ 58.Ke3 Ra3+  1/2-1/2

[Event "1. Bundesliga 2018/2019"]
[Site "Jenbach"]
[Date "2019.03.31"]
[Round "9"]
[Board "1"]
[White "Antoniewski, Rafal"]
[Black "Lizak, Peter"]
[Result "1/2-1/2"]
[WhiteElo "2500"]
[BlackElo "2472"]
[PlyCount "60"]
[EventDate "2018.11.15"]
[EventType "team"]
[EventRounds "11"]
[EventCountry "AUT"]
[WhiteTeam "SV Pillenkoenig St. Veit"]
[BlackTeam "Data Technology Pressbaum"]

1.Nf3 b6 2.g3 Bb7 3.Bg2 g6 4.d4 Nf6 5.c4 Bg7 6.O-O O-O 7.b3 c5 8.Bb2 cxd4 9.Qxd4 Nc6
10.Qd1 d5 11.Na3 dxc4 12.Nxc4 b5 13.Qxd8 Rfxd8 14.Nce5 Nxe5 15.Bxe5 Be4 16.Rfd1 Nd5
17.Bxg7 Kxg7 18.Ne5 Bxg2 19.Kxg2 Nc3 20.Rxd8 Rxd8 21.Rc1 b4 22.Rc2 Rd6 23.a3 a5 24.axb4
axb4 25.f4 Rd1 26.Rb2 Re1 27.Kf2 Ra1 28.Kg2 Re1 29.Kf2 Ra1 30.Kg2 Re1  1/2-1/2

[Event "1. Bundesliga 2018/2019"]
[Site "Jenbach"]
[Date "2019.03.31"]
[Round "9"]
[Board "2"]
[White "Videki, Sandor"]
[Black "Rogic, Davor"]
[Result "1/2-1/2"]
[WhiteElo "2380"]
[BlackElo "2499"]
[PlyCount "60"]
[EventDate "2018.11.15"]
[EventType "team"]
[EventRounds "11"]
[EventCountry "AUT"]
[WhiteTeam "Data Technology Pressbaum"]
[BlackTeam "SV Pillenkoenig St. Veit"]

1.d4 d5 2.Nf3 Nf6 3.c4 c6 4.e3 Bf5 5.Nc3 e6 6.Bd3 Bxd3 7.Qxd3 Nbd7 8.O-O Be7 9.e4
dxe4 10.Nxe4 Nxe4 11.Qxe4 O-O 12.b3 a5 13.Qc2 Qc7 14.Be3 Rfd8 15.Rfd1 h6 16.Rab1 Nf6
17.h3 c5 18.dxc5 Bxc5 19.Rxd8+ Rxd8 20.Bxc5 Qxc5 21.Rd1 Rxd1+ 22.Qxd1 e5 23.Qd8+ Kh7
24.Qd2 b6 25.Kf1 g6 26.Qb2 Nd7 27.Qd2 Nf6 28.Qb2 Nd7 29.Qd2 Nf6 30.Qb2 Nd7  1/2-1/2

[Event "1. Bundesliga 2018/2019"]
[Site "Jenbach"]
[Date "2019.03.31"]
[Round "9"]
[Board "3"]
[White "Koop, Thorben"]
[Black "Hechl, Gerald"]
[Result "1/2-1/2"]
[WhiteElo "2350"]
[BlackElo "2356"]
[PlyCount "63"]
[EventDate "2018.11.15"]
[EventType "team"]
[EventRounds "11"]
[EventCountry "AUT"]
[WhiteTeam "SV Pillenkoenig St. Veit"]
[BlackTeam "Data Technology Pressbaum"]

1.Nf3 d5 2.g3 g6 3.Bg2 Bg7 4.d4 Nf6 5.c4 dxc4 6.O-O O-O 7.Na3 c3 8.bxc3 c5 9.Nc4 Nc6
10.Nfe5 Nxe5 11.Nxe5 Nd5 12.Bb2 cxd4 13.cxd4 Rb8 14.e4 Bxe5 15.dxe5 Nb4 16.Qb3 Nc6
17.Rfd1 Qc7 18.Qe3 Be6 19.f4 Qb6 20.Qxb6 axb6 21.Bc3 b5 22.Rab1 Bc4 23.Bf1 Rfc8 24.Bxc4
bxc4 25.Rd5 Ra8 26.Rd2 Ra3 27.Rc2 Rca8 28.Rxb7 Rxa2 29.Rbb2 Rxb2 30.Rxb2 Ra3 31.Rc2
Kf8 32.Kg2  1/2-1/2

[Event "1. Bundesliga 2018/2019"]
[Site "Jenbach"]
[Date "2019.03.31"]
[Round "9"]
[Board "4"]
[White "Ganaus, Hannes"]
[Black "Mazi, Leon"]
[Result "0-1"]
[WhiteElo "2242"]
[BlackElo "2327"]
[PlyCount "70"]
[EventDate "2018.11.15"]
[EventType "team"]
[EventRounds "11"]
[EventCountry "AUT"]
[WhiteTeam "Data Technology Pressbaum"]
[BlackTeam "SV Pillenkoenig St. Veit"]

1.d4 d5 2.Nf3 Nf6 3.e3 e6 4.a3 c5 5.Nbd2 Nc6 6.dxc5 Bxc5 7.b4 Be7 8.Bb2 O-O 9.Bd3
Nd7 10.c4 dxc4 11.Bxc4 Bf6 12.Bxf6 Qxf6 13.O-O Nde5 14.Be2 Rd8 15.Nxe5 Nxe5 16.Ne4
Qe7 17.Qc2 b6 18.Qb2 Ng6 19.Rfd1 Bb7 20.Ng3 Qg5 21.f4 Qe7 22.Bf3 Bxf3 23.gxf3 Rxd1+
24.Rxd1 Rd8 25.Rxd8+ Qxd8 26.Qc2 h6 27.Kf2 Qd5 28.Ne2 Qh5 29.Kg3 Qh4+ 30.Kg2 Qe1 31.Qc8+
Kh7 32.Qc2 f5 33.Qc4 Nh4+ 34.Kh3 Qf2 35.Ng3 Qg2+  0-1

[Event "1. Bundesliga 2018/2019"]
[Site "Jenbach"]
[Date "2019.03.31"]
[Round "9"]
[Board "5"]
[White "Riemelmoser, Franz"]
[Black "Neumeier, Klaus"]
[Result "0-1"]
[WhiteElo "2277"]
[BlackElo "2315"]
[PlyCount "112"]
[EventDate "2018.11.15"]
[EventType "team"]
[EventRounds "11"]
[EventCountry "AUT"]
[WhiteTeam "SV Pillenkoenig St. Veit"]
[BlackTeam "Data Technology Pressbaum"]

1.c4 c5 2.g3 g6 3.Bg2 Bg7 4.Nc3 Nc6 5.Nf3 Nf6 6.d4 cxd4 7.Nxd4 O-O 8.c5 Qc7 9.O-O
Qe5 10.Nb3 Qh5 11.e4 Qxd1 12.Rxd1 Rd8 13.Bf4 Ne8 14.Rd2 Ne5 15.Rb1 Kf8 16.Nb5 a6 17.N5d4
d6 18.Nf3 Nxf3+ 19.Bxf3 Be6 20.Rbd1 Rdc8 21.cxd6 exd6 22.Na5 Rab8 23.Rxd6 Nxd6 24.Bxd6+
Ke8 25.Bxb8 Rxb8 26.b3 Bc3 27.Nc4 Bxc4 28.bxc4 b5 29.Be2 b4 30.Rd5 Rd8 31.Bd1 Rxd5
32.cxd5 Ke7 33.Kf1 Kd6 34.Ke2 f6 35.Kd3 Kc5 36.Bb3 a5 37.f4 Bb2 38.Ba4 Ba1 39.Be8
Bb2 40.h4 Bc3 41.g4 Bb2 42.Ke3 Kd6 43.Ke2 Ke7 44.Ba4 h6 45.Kd3 g5 46.e5 gxf4 47.d6+
Ke6 48.d7 Ke7 49.e6 Be5 50.Ke4 Bc7 51.Bb3 a4 52.Bc4 Bb8 53.Kd5 b3 54.Kc6 b2 55.Bd3
Kd8 56.Bf5 f3  0-1

[Event "1. Bundesliga 2018/2019"]
[Site "Jenbach"]
[Date "2019.03.31"]
[Round "9"]
[Board "6"]
[White "Schmidrathner, Christian"]
[Black "Dietmayer-Kraeutler, Marco"]
[Result "0-1"]
[WhiteElo "2088"]
[BlackElo "2340"]
[PlyCount "50"]
[EventDate "2018.11.15"]
[EventType "team"]
[EventRounds "11"]
[EventCountry "AUT"]
[WhiteTeam "Data Technology Pressbaum"]
[BlackTeam "SV Pillenkoenig St. Veit"]

1.e4 e5 2.Nf3 Nc6 3.Bb5 a6 4.Bxc6 dxc6 5.O-O f6 6.d4 exd4 7.e5 c5 8.exf6 gxf6 9.Re1+
Be7 10.Nh4 Kf8 11.Qh5 Qe8 12.Qf3 Qd7 13.Re4 Qd5 14.c4 Qxc4 15.Bf4 Qd5 16.Nd2 f5 17.Bxc7
Nf6 18.Nxf5 Bxf5 19.Rf4 Qxf3 20.Nxf3 Bc2 21.Rc1 d3 22.Re1 Re8 23.Be5 Bd8 24.Bxf6 Rxe1+
25.Nxe1 Bxf6  0-1

[Event "1. Bundesliga 2018/2019"]
[Site "Jenbach"]
[Date "2019.03.31"]
[Round "9"]
[Board "1"]
[White "Nisipeanu, Liviu-Dieter"]
[Black "Abasov, Nijat"]
[Result "1/2-1/2"]
[WhiteElo "2680"]
[BlackElo "2633"]
[PlyCount "60"]
[EventDate "2018.11.15"]
[EventType "team"]
[EventRounds "11"]
[EventCountry "AUT"]
[WhiteTeam "Schachklub Sparkasse Jenbach"]
[BlackTeam "SV Raika Rapid Feffernitz"]

1.e4 e5 2.Nf3 Nf6 3.d4 Nxe4 4.Bd3 d5 5.Nxe5 Nd7 6.Nc3 Nxc3 7.bxc3 Bd6 8.O-O O-O 9.Re1
c5 10.Nxd7 Qxd7 11.dxc5 Bxc5 12.Qh5 g6 13.Qh4 Re8 14.Bh6 Qc6 15.Qf6 Bf8 16.Qxc6 Rxe1+
17.Rxe1 bxc6 18.Re8 Bb7 19.Rxa8 Bxa8 20.Bxf8 Kxf8 21.c4 c5 22.cxd5 Bxd5 23.c4 Be6
24.f4 Ke7 25.Kf2 h5 26.g3 f5 27.Ke3 Kd6 28.h4 Kc6 29.Kd2 Kd6 30.Kc3 Bd7  1/2-1/2

[Event "1. Bundesliga 2018/2019"]
[Site "Jenbach"]
[Date "2019.03.31"]
[Round "9"]
[Board "2"]
[White "Danin, Alexandre"]
[Black "Volokitin, Andrei"]
[Result "1/2-1/2"]
[WhiteElo "2511"]
[BlackElo "2637"]
[PlyCount "66"]
[EventDate "2018.11.15"]
[EventType "team"]
[EventRounds "11"]
[EventCountry "AUT"]
[WhiteTeam "SV Raika Rapid Feffernitz"]
[BlackTeam "Schachklub Sparkasse Jenbach"]

1.e4 e5 2.Nf3 Nf6 3.Nxe5 d6 4.Nf3 Nxe4 5.d4 d5 6.Bd3 Bf5 7.O-O Be7 8.Re1 O-O 9.Nbd2
Nd6 10.Bxf5 Nxf5 11.Nf1 c6 12.Qd3 Nd6 13.Bf4 Na6 14.Re2 Nc7 15.Rae1 Ne6 16.Bxd6 Bxd6
17.g3 Qf6 18.c3 Rae8 19.Kg2 Re7 20.Ne3 Qg6 21.Qxg6 hxg6 22.Kf1 Rfe8 23.h4 Nc7 24.Ng2
f6 25.Rxe7 Rxe7 26.Rxe7 Bxe7 27.Ke2 Kf7 28.Ne3 Nb5 29.Nd2 Nd6 30.Nf3 Bd8 31.Nd2 Bc7
32.Kd3 Ke6 33.Ke2 Nf7  1/2-1/2

[Event "1. Bundesliga 2018/2019"]
[Site "Jenbach"]
[Date "2019.03.31"]
[Round "9"]
[Board "3"]
[White "Bluebaum, Matthias"]
[Black "Schreiner, Peter"]
[Result "1/2-1/2"]
[WhiteElo "2610"]
[BlackElo "2477"]
[PlyCount "109"]
[EventDate "2018.11.15"]
[EventType "team"]
[EventRounds "11"]
[EventCountry "AUT"]
[WhiteTeam "Schachklub Sparkasse Jenbach"]
[BlackTeam "SV Raika Rapid Feffernitz"]

1.d4 Nf6 2.c4 g6 3.Nc3 d5 4.cxd5 Nxd5 5.e4 Nxc3 6.bxc3 Bg7 7.Bc4 c5 8.Ne2 Nc6 9.Be3
O-O 10.O-O Bg4 11.f3 Bd7 12.Rb1 Qc7 13.Bf4 Qc8 14.Rc1 Rd8 15.Qd2 e5 16.Bh6 exd4 17.Bxg7
Kxg7 18.cxd4 cxd4 19.Nxd4 Qc7 20.Kh1 Qe5 21.Nb3 Be6 22.Qf2 Bxc4 23.Rxc4 Qe6 24.Qb2+
Qf6 25.Qc1 Ne5 26.Rc7 Nd3 27.Qc4 g5 28.Rxb7 Rac8 29.Rc7 Rxc7 30.Qxc7 Qb6 31.Qc3+ Kg8
32.h3 h5 33.Nc1 Nf4 34.h4 gxh4 35.Qe5 Qh6 36.Nb3 Ne2 37.Re1 Qf4 38.Qxf4 Nxf4 39.Kh2
a5 40.g3 hxg3+ 41.Kxg3 Ng6 42.Nxa5 h4+ 43.Kh3 Ra8 44.Nb3 Rxa2 45.Nd4 Ra3 46.Rf1 Ne5
47.Kxh4 Rd3 48.Nf5 Rxf3 49.Rg1+ Kf8 50.Kg5 Rf2 51.Ra1 Rg2+ 52.Kf4 f6 53.Ra8+ Kf7 54.Ra7+
Kf8 55.Ra8+  1/2-1/2

[Event "1. Bundesliga 2018/2019"]
[Site "Jenbach"]
[Date "2019.03.31"]
[Round "9"]
[Board "4"]
[White "Diermair, Andreas"]
[Black "Wagner, Dennis"]
[Result "0-1"]
[WhiteElo "2482"]
[BlackElo "2577"]
[PlyCount "94"]
[EventDate "2018.11.15"]
[EventType "team"]
[EventRounds "11"]
[EventCountry "AUT"]
[WhiteTeam "SV Raika Rapid Feffernitz"]
[BlackTeam "Schachklub Sparkasse Jenbach"]

1.d4 Nf6 2.c4 e6 3.Nc3 Bb4 4.e3 O-O 5.Nf3 Bxc3+ 6.bxc3 d6 7.Bd3 e5 8.Nd2 Re8 9.Qc2
Qe7 10.Ne4 Nxe4 11.Bxe4 h6 12.f3 Nd7 13.Rb1 c6 14.Bh7+ Kh8 15.Bd3 d5 16.cxd5 cxd5
17.O-O b6 18.Bb5 Qd6 19.a4 a6 20.Bd3 Bb7 21.Qb3 Bc6 22.Bd2 a5 23.Kh1 Ra7 24.Rbd1 Rb7
25.Ba6 Rbb8 26.Bd3 Nf6 27.Ra1 Qd7 28.Rfb1 e4 29.Be2 exf3 30.gxf3 Nh7 31.Rg1 Ng5 32.Rg2
b5 33.axb5 Bxb5 34.Bxb5 Rxb5 35.Qd1 Qf5 36.Rg3 Reb8 37.e4 dxe4 38.Bxg5 hxg5 39.Qf1
a4 40.c4 Rb3 41.Qh3+ Qxh3 42.Rxh3+ Kg8 43.Kg2 Rb1 44.Rxb1 Rxb1 45.fxe4 Rb2+ 46.Kf1
Rb3 47.Rh5 f6  0-1

[Event "1. Bundesliga 2018/2019"]
[Site "Jenbach"]
[Date "2019.03.31"]
[Round "9"]
[Board "5"]
[White "Shengelia, David"]
[Black "Sebenik, Matej"]
[Result "0-1"]
[WhiteElo "2530"]
[BlackElo "2517"]
[PlyCount "126"]
[EventDate "2018.11.15"]
[EventType "team"]
[EventRounds "11"]
[EventCountry "AUT"]
[WhiteTeam "Schachklub Sparkasse Jenbach"]
[BlackTeam "SV Raika Rapid Feffernitz"]

1. d4 Nf6 2. Nf3 g6 3. Bg5 Bg7 4. Nbd2 O-O 5. e4 d6 6. Bd3 h6 7. Bh4 c5 8. dxc5
dxc5 9. O-O Nc6 10. Re1 g5 11. Bg3 Nh5 12. Rb1 Nxg3 13. hxg3 a6 14. a4 Be6 15.
Bc4 Bxc4 16. Nxc4 b5 17. Ne3 Qxd1 18. Rexd1 bxa4 19. Nc4 Rfd8 20. c3 g4 21.
Nfd2 Rab8 22. Kf1 h5 23. Ke2 Bh6 24. Ra1 Bxd2 25. Rxd2 Rxd2+ 26. Kxd2 Kg7 27.
Rxa4 a5 28. Kc2 e6 29. Nd2 Kf6 30. Rc4 Ne5 31. Ra4 Rb5 32. b3 Nc6 33. Nc4 Kg6
34. Ra1 Rb7 35. Nb2 Rc7 36. Ra4 Kf6 37. Nd3 Ne5 38. Nf4 Kg5 39. Rxa5 h4 40. b4
hxg3 41. fxg3 Kf6 42. b5 Rd7 43. Kb3 Rd1 44. Ra2 Ke7 45. Ra7+ Kd6 46. Kc2 Rg1
47. b6 Kc6 48. b7 Kc7 49. Ra5 Kxb7 50. Rxc5 Ng6 51. Ne2 Rxg2 52. Kd2 f6 53. Rh5
Rf2 54. Ke3 Rf3+ 55. Kd4 Kc7 56. Rh6 Ne7 57. Kc5 e5 58. c4 Kd7 59. Nc1 Ke6 60.
Na2 Rxg3 61. Nb4 Rc3 62. Rh7 Rc1 63. Rg7 f5 {Flag!!}  0-1

[Event "1. Bundesliga 2018/2019"]
[Site "Jenbach"]
[Date "2019.03.31"]
[Round "9"]
[Board "6"]
[White "Kavcic, Zan"]
[Black "Schlosser, Philipp"]
[Result "1/2-1/2"]
[WhiteElo "2379"]
[BlackElo "2519"]
[PlyCount "150"]
[EventDate "2018.11.15"]
[EventType "team"]
[EventRounds "11"]
[EventCountry "AUT"]
[WhiteTeam "SV Raika Rapid Feffernitz"]
[BlackTeam "Schachklub Sparkasse Jenbach"]

1.e4 c5 2.Nf3 e6 3.d4 cxd4 4.Nxd4 a6 5.Nc3 b5 6.Bd3 d6 7.O-O Nf6 8.Qe2 Be7 9.Bd2 O-O
10.a4 b4 11.Na2 a5 12.c3 bxc3 13.Nxc3 Bb7 14.Bb5 Nfd7 15.Be3 Nc5 16.f3 Qc7 17.Rac1
Nba6 18.Rfd1 Nb4 19.Bc4 Rfd8 20.Ndb5 Qc6 21.Qf2 Ba6 22.Bxc5 dxc5 23.Rxd8+ Rxd8 24.Rd1
Rxd1+ 25.Nxd1 Qd7 26.Ndc3 Nc6 27.Bf1 Bb7 28.Kh1 g6 29.Qc2 h5 30.Qd1 Nd4 31.Bc4 Bc6
32.h3 Bf6 33.Nxd4 cxd4 34.Nb5 Bg5 35.b3 e5 36.Na3 Kg7 37.Qd3 Qe7 38.Nc2 Bf4 39.Qe2
Qg5 40.Qe1 Bd2 41.Qe2 Bc3 42.Qd1 Qg3 43.Kg1 Bd7 44.Kh1 f5 45.Bd3 Qf2 46.Na3 Kf6 47.Nc4
Be6 48.Qe2 Qxe2 49.Bxe2 fxe4 50.fxe4 Kg5 51.g3 Bxh3 52.Nxe5 Be6 53.Bc4 Kf6 54.Nd3
Bg4 55.Kg2 g5 56.Kf2 Bd2 57.Kg2 Ke7 58.Ne5 Bd1 59.Nc6+ Kd6 60.Nxd4 g4 61.Nf5+ Ke5
62.Ng7 Kxe4 63.Nxh5 Kd4 64.Nf6 Bg5 65.Nh5 Ke3 66.Be6 Bf3+ 67.Kg1 Be7 68.Nf4 Bd6 69.Nd5+
Kd4 70.Nf6 Bxg3 71.Nxg4 Bd1 72.Kg2 Bh4 73.Nf2 Bc2 74.Kf3 Bxf2 75.Kxf2 Kc3  1/2-1/2

[Event "1. Bundesliga 2018/2019"]
[Site "Jenbach"]
[Date "2019.03.31"]
[Round "10"]
[Board "1"]
[White "Bindrich, Falko"]
[Black "Abasov, Nijat"]
[Result "1/2-1/2"]
[WhiteElo "2609"]
[BlackElo "2633"]
[PlyCount "57"]
[EventDate "2018.11.15"]
[EventType "team"]
[EventRounds "11"]
[EventCountry "AUT"]
[WhiteTeam "SK Hohenems"]
[BlackTeam "SV Raika Rapid Feffernitz"]

1.d4 Nf6 2.c4 e6 3.g3 d5 4.Nf3 dxc4 5.Bg2 Nc6 6.Qa4 Bb4+ 7.Bd2 Nd5 8.Bxb4 Ndxb4 9.Ne5
O-O 10.Nxc6 Nxc6 11.e3 e5 12.d5 Ne7 13.Nc3 c6 14.dxc6 Nxc6 15.Qxc4 Be6 16.Qb5 Qb6
17.Qxb6 axb6 18.O-O Rfd8 19.Rfd1 Rxd1+ 20.Rxd1 Kf8 21.a3 Ke7 22.Bf3 Ra5 23.Rd2 h6
24.h4 Rc5 25.Rd1 Bb3 26.Rd2 Be6 27.Rd1 Bb3 28.Rd2 Be6 29.Rd1 1/2-1/2